Các phương pháp phân tích hiện đại và ứng dụng trong hóa học

保存先:
書誌詳細
第一著者: Hồ Viết Quý
フォーマット: 図書
言語:Vietnamese
出版事項: H. Đại học quốc gia Hà Nội 1998
シリーズ:Trường đại học sư phạm-đại học quốc gia Hà Nội
タグ: タグ追加
タグなし, このレコードへの初めてのタグを付けませんか!
Thư viện lưu trữ: Mạng thư viện Đại học Đà Nẵng
LEADER 01005nam a2200277 4500
001 000008570
003 4760
005 20120313140345.0
008 111019s1998 viesd
041 0 |a vie 
082 |a 543.072  |b HÔ-Q 
100 0 |a Hồ Viết Quý 
245 0 |a Các phương pháp phân tích hiện đại và ứng dụng trong hóa học  |c Hồ Viết Quý 
260 |a H.  |b Đại học quốc gia Hà Nội  |c 1998 
300 |a 312tr.  |c 21 cm 
490 |a Trường đại học sư phạm-đại học quốc gia Hà Nội 
OWN |a LSP 
AVA |a UDN50  |b LSP  |d 543.072 HÔ-Q  |e available  |t Error 5001 Not defined in file expand_doc_bib_avail.  |f 10  |g 0  |h N  |i 0  |k 1 
999 |a From the UDN01 
AVA |a UDN50  |b LSP  |d 543.072 HÔ-Q  |e available  |t Error 5001 Not defined in file expand_doc_bib_avail.  |f 10  |g 0  |h N  |i 0  |k 1 
TYP |a Monograph 
TYP |a Printed language 
980 |a Mạng thư viện Đại học Đà Nẵng